An American profile : opinions and behavior, 1972-1989 : opinion results on 300 high-interest issues derived from the General Social Survey conducted by the National Opinion Research Center /

Opinion results on 300 high-interest issues derived from the General Social Survey conducted by the National Opinion Research Center.

Bibliographic Details
Corporate Author: NORC (Organization)
Other Authors: Wood, Floris W.
Format: Book
Language:English
Published: Detroit : Gale Research, ©1990.
Subjects:

MARC

Tag First Indicator Second Indicator Subfields
LEADER 00000cam a2200000 a 4500
001 in00000930833
005 20230822104624.0
008 901127s1990 miu bs 001 0 eng
010 |a  90220322  
019 |a 22741000  |a 22807880  |a 22887587  |a 844869994  |a 975297498  |a 1039381596  |a 1049742240  |a 1127741843  |a 1201003291  |a 1201985160 
020 |a 0810377233 
020 |a 9780810377233 
029 1 |a AU@  |b 000007707619 
029 1 |a GBVCP  |b 114825890 
029 1 |a NZ1  |b 3969887 
029 1 |a YDXCP  |b 704403 
035 |a (OCoLC)ocm23771367  
035 |a (OCoLC)23771367  |z (OCoLC)22741000  |z (OCoLC)22807880  |z (OCoLC)22887587  |z (OCoLC)844869994  |z (OCoLC)975297498  |z (OCoLC)1039381596  |z (OCoLC)1049742240  |z (OCoLC)1127741843  |z (OCoLC)1201003291  |z (OCoLC)1201985160 
035 |a (OCoLC)ocm23771367  
040 |a DLC  |b eng  |c DLC  |d MJC  |d DTA  |d IXA  |d NWM  |d EL$  |d BAKER  |d BTCTA  |d LVB  |d YDXCP  |d CRU  |d OCLCO  |d OCLCF  |d OCLCQ  |d OCLCO  |d OCLCQ  |d PEX  |d JDP  |d OCLCQ  |d CSA  |d OCLCO  |d OCL  |d UAB  |d OCLCO 
043 |a n-us--- 
050 0 0 |a HN90.P8  |b A53 1990 
050 1 4 |a HM261  |b .A85 1990 
055 3 |a HM 261  |b W825 
082 0 0 |a 303.3/8/097309047  |2 20 
245 0 3 |a An American profile :  |b opinions and behavior, 1972-1989 : opinion results on 300 high-interest issues derived from the General Social Survey conducted by the National Opinion Research Center /  |c Floris W. Wood, editor ; Chronology of world events, 1972-1989 by Edward Weilant ; with a foreword by Tom W. Smith. 
260 |a Detroit :  |b Gale Research,  |c ©1990. 
300 |a xxxix, 1065 pages ;  |c 29 cm 
336 |a text  |b txt  |2 rdacontent 
337 |a unmediated  |b n  |2 rdamedia 
338 |a volume  |b nc  |2 rdacarrier 
500 |a Chiefly tables. 
504 |a Includes bibliographical references and index. 
520 |a Opinion results on 300 high-interest issues derived from the General Social Survey conducted by the National Opinion Research Center. 
650 0 |a Public opinion  |z United States. 
650 0 |a Social surveys  |z United States. 
650 4 |a Public opinion  |z United States. 
650 4 |a Social surveys  |z United States. 
650 6 |a Opinion publique  |z États-Unis. 
650 6 |a Enquêtes sociales  |z États-Unis. 
650 7 |a Public opinion.  |2 fast  |0 (OCoLC)fst01082785 
650 7 |a Social surveys.  |2 fast  |0 (OCoLC)fst01123390 
651 7 |a United States.  |2 fast  |0 (OCoLC)fst01204155 
655 2 |a Statistics 
655 7 |a Statistics.  |2 fast  |0 (OCoLC)fst01423727 
655 7 |a Statistics.  |2 lcgft 
655 7 |a Statistiques.  |2 rvmgf 
700 1 |a Wood, Floris W. 
710 2 |a NORC (Organization) 
776 0 8 |i Online version:  |t American profile.  |d Detroit : Gale Research, ©1990  |w (OCoLC)631654146 
938 |a Baker & Taylor  |b BKTY  |c 89.50  |d 89.50  |i 0810377233  |n 0001705071  |s active 
938 |a Baker and Taylor  |b BTCP  |n 90220322 
938 |a YBP Library Services  |b YANK  |n 704403 
948 |h HELD BY TXA - 485 OTHER HOLDINGS 
994 |a Z0  |b TXA 
999 f f |s 6e3ef294-dccb-3bc1-a80d-4832d8cc24ae  |i 475929c6-ec91-3c6d-92a1-91629691c86f  |t 0 
952 f f |p ric  |a Texas A&M University  |b Rellis Campus  |c Joint Library Facility  |s JLF  |d Remote Storage  |t 0  |e HM261 .A85 1990  |h Library of Congress classification  |i unmediated -- volume  |m A14813147795